Most expensive football transfers - Defensive Midfielders - 2015-2016 - Statistics

General Stats
  • This quiz has been taken 14 times
  • The average score is 6 of 10
Answer Stats
Fee (M €) Nationality Left Joined Player % Correct
12,50 Egypt FC Basel Arsenal Mohamed Elneny
100%
35,00 France Southampton Manchester United Morgan Schneiderlin
100%
15,00 Brazil FC Porto Real Madrid Casemiro
90%
36,00 Central African Republic / France Monaco Inter Geoffrey Kondogbia
90%
16,00 Spain Real Madrid Real Sociedad Asier Illarramendi
80%
11,50 Brazil Udinese Calcio SSC Napoli Allan
70%
15,00 Netherlands Feyenoord Southampton Jordy Clasie
30%
24,25 Democratic Republic of the Congo FC Porto Stoke City Giannelli Imbula
20%
20,00 Democratic Republic of the Congo Marseille FC Porto Giannelli Imbula
20%
10,50 Germany 1.FSV Mainz 05 FC Schalke 04 Johannes Geis
10%
No matching quizzes found
Score Distribution
Percent of People with Each Score
Percentile by Number Answered
Your Score History
You have not taken this quiz